The vocation of an African biblical scholar on the margins of biblical scholarship
| Main Author: | |
|---|---|
| Format: | Print Article |
| Language: | English |
| Check availability: | HBZ Gateway |
| Interlibrary Loan: | Interlibrary Loan for the Fachinformationsdienste (Specialized Information Services in Germany) |
| Published: |
2006
|
| In: |
Voyages in uncharted waters
Year: 2006, Pages: 142-171 |
| Standardized Subjects / Keyword chains: | B
Exegesis
/ African Theology
|
| IxTheo Classification: | FD Contextual theology HA Bible KBN Sub-Saharan Africa |
MARC
| LEADER | 00000caa a22000002c 4500 | ||
|---|---|---|---|
| 001 | 1536106224 | ||
| 003 | DE-627 | ||
| 005 | 20220614103512.0 | ||
| 007 | tu | ||
| 008 | 160405s2006 xx ||||| 00| ||eng c | ||
| 020 | |a 1905048572 | ||
| 035 | |a (DE-627)1536106224 | ||
| 035 | |a (DE-576)46610622X | ||
| 035 | |a (DE-599)BSZ46610622X | ||
| 040 | |a DE-627 |b ger |c DE-627 |e rakwb | ||
| 041 | |a eng | ||
| 084 | |a 1 |2 ssgn | ||
| 100 | 1 | |0 (DE-588)1024202771 |0 (DE-627)719350573 |0 (DE-576)172525896 |4 aut |a West, Gerald O. |d 1956- | |
| 109 | |a West, Gerald O. 1956- |a West, Gerald 1956- |a West, Gerald Oakley 1956- | ||
| 245 | 1 | 4 | |a The vocation of an African biblical scholar on the margins of biblical scholarship |c Gerald West |
| 264 | 1 | |c 2006 | |
| 336 | |a Text |b txt |2 rdacontent | ||
| 337 | |a ohne Hilfsmittel zu benutzen |b n |2 rdamedia | ||
| 338 | |a Band |b nc |2 rdacarrier | ||
| 652 | |a FD:HA:KBN | ||
| 689 | 0 | 0 | |d s |0 (DE-588)4015950-4 |0 (DE-627)104675314 |0 (DE-576)20891434X |2 gnd |a Exegese |
| 689 | 0 | 1 | |d s |0 (DE-588)4207540-3 |0 (DE-627)105119318 |0 (DE-576)210181397 |2 gnd |a Afrikanische Theologie |
| 689 | 0 | |5 (DE-627) | |
| 773 | 0 | 8 | |i In |t Voyages in uncharted waters |d Sheffield : Sheffield Phoenix Press, 2006 |g (2006), Seite 142-171 |h XI, 234 S. |w (DE-627)1606347632 |w (DE-576)266143520 |z 1905048572 |7 nnam |
| 773 | 1 | 8 | |g year:2006 |g pages:142-171 |
| 935 | |a mteo | ||
| 951 | |a AR | ||
| BIB | |a 1 | ||
| ELC | |b 1 | ||
| ITA | |a 1 |t 1 | ||
| LOK | |0 000 xxxxxcx a22 zn 4500 | ||
| LOK | |0 001 2915427607 | ||
| LOK | |0 003 DE-627 | ||
| LOK | |0 004 1536106224 | ||
| LOK | |0 005 20160405140659 | ||
| LOK | |0 008 160404||||||||||||||||ger||||||| | ||
| LOK | |0 040 |a DE-Tue135 |c DE-627 |d DE-Tue135 | ||
| LOK | |0 092 |o n | ||
| LOK | |0 852 |a DE-Tue135 | ||
| LOK | |0 852 1 |9 00 | ||
| LOK | |0 935 |a ixfe |a ixmi | ||
| LOK | |0 936ln |0 1442049022 |a KBN | ||
| LOK | |0 936ln |0 144204408X |a HA | ||
| LOK | |0 936ln |0 1442044071 |a FD | ||
| LOK | |0 939 |a 04-04-16 |b l01 | ||
| ORI | |a SA-MARC-ixtheoa001.raw | ||
| STA | 0 | 0 | |a African Theology,Black Africa,Black theology,Black Africa,Contextual theology,Exegesis |
| STB | 0 | 0 | |a Exégèse,Théologie africaine |
| STC | 0 | 0 | |a Exegesis,Teología africana |
| STD | 0 | 0 | |a Esegesi,Teologia africana |
| STE | 0 | 0 | |a 注释,诠释,解经,非洲神学 |
| STF | 0 | 0 | |a 注釋,詮釋,解經,非洲神學 |
| STG | 0 | 0 | |a Exegese,Teologia africana |
| STH | 0 | 0 | |a Африканское богословие,Экзегетика |
| STI | 0 | 0 | |a Αφρικανική θεολογία,Εξηγητική,Ερμηνευτική |
| SUB | |a BIB | ||
| SYG | 0 | 0 | |a Bibelauslegung,Bibelexegese,Biblische Auslegung,Bibelinterpretation,Biblische Exegese,Schriftauslegung |